000 00816nam a22002777a 4500
001 BR8902257
003 BR-BrBNA
005 20230928093222.0
007 ta
008 230509b bl.||||| |||| 00| 0 por d
040 _aBR-BrBNA
_bpor
_cBiblioteca Nacional de Agricultura
041 _a(Por)
072 _aE14; H01; L70
_b/G514
090 _ E14 BR8902257
110 1 _aDelegacia Federal de Agricultura de Goias, Goiania (Brasil)
_93049
245 1 _aRelatorio de atividades 1985 a 1987 [Delegacia Federal de Agricultura de Goias]
260 3 _aGoiania, GO (Brasil):
_c1988.
300 _a41 p.
650 _aDESENVOLVIMENTO AGRICOLA
650 _aINSPECAO SANITARIA
650 _aDEFESA ANIMAL
650 _aDEFESA VEGETAL
650 _aGOIAS
909 _a202309
_bLucia
_c55
_dLucia Elande
942 _cBK
999 _c43690
_d43690